000
00314nam a2200145Ia 4500
008
210719s2000 xx 000 0 und d
041
_a
eng
082
_a
823.8 BROW
100
_a
BRONTE (Emily)
245
_a
Wuthering heights.
260
_c
2000
300
_b
PB
365
_c
Rs
650
_a
English Fiction
999
_c
213171
_d
213171